Statistics for World Leaders From History

Click here to take the quiz!

General Stats

  • This quiz has been taken 2,045 times
  • The average score is 11 of 20

Answer Stats

PositionYearsAnswer% Correct
American President1789-1797George Washington
94%
English Queen1558-1603Elizabeth
88%
Egyptian Queen51-30 BCCleopatra
84%
Russian Emperess1762-1796Catherine II
81%
French King1643-1715Louis XIV
81%
Macedonian King336-323 BCAlexander III
80%
Mongolian Emperor1206-1227Genghis
71%
Roman Emperor27 BC - 14 ADAugustus
66%
Russian Emperor1682-1725Peter
63%
Holy Roman Emperor800-814Charlemagne
61%
Israelite King1010-970 BCDavid
58%
Aztec Emperor1502-1520Moctezuma II
47%
Prussian King1740-1786Frederick II
46%
Persian Emperor522-486 BCDarius
42%
Roman Emperor306-337Constantine
41%
Sultan of Egypt and Syria1174-1193Salah ad-Din
29%
Babylonian King1792-1750 BCHammurabi
22%
British P.M. (de facto)1721-1742Robert Walpole
21%
Maurya (Indian) Emperor268-232 BCAshoka
17%
Islamic Caliph634-644Umar ibn al-Khattab
8%

Score Distribution

Percentile by Number Answered

Percent of People with Each Score

Your Score History

You have not taken this quiz